Tiszajárás 62. /
Elmentve itt :
| Szerző: | |
|---|---|
| További közreműködők: | |
| Dokumentumtípus: | Cikk |
| Megjelent: |
1985
|
| Sorozat: | Tiszatáj
39 No. 3 |
| Kulcsszavak: | Szeged - honismeret, Tisza ábrázolása - irodalmi |
| Online Access: | http://tiszataj.bibl.u-szeged.hu/12853 |
| LEADER | 00616nab a2200193 i 4500 | ||
|---|---|---|---|
| 001 | tisza12853 | ||
| 005 | 20200330142727.0 | ||
| 008 | 170308s1985 hu o 0|| hun d | ||
| 022 | |a 0133-1167 | ||
| 040 | |a SZTE Tiszatáj Archívum |b hun | ||
| 041 | |a hun | ||
| 100 | 1 | |a Tóth Béla | |
| 245 | 1 | 0 | |a Tiszajárás |h [elektronikus dokumentum] : |b 62. / |c Tóth Béla |
| 260 | |c 1985 | ||
| 300 | |a 34-38 | ||
| 490 | 0 | |a Tiszatáj |v 39 No. 3 | |
| 695 | |a Szeged - honismeret, Tisza ábrázolása - irodalmi | ||
| 700 | 0 | 1 | |a Szabó Iván |
| 856 | 4 | 0 | |u http://tiszataj.bibl.u-szeged.hu/12853/1/tiszataj_1985_003_034-038.pdf |z Dokumentum-elérés |